|
|
|
|
| LEADER |
00000nab a22000005a 4500 |
| 001 |
AR-BbUGT10134 |
| 003 |
AR-BbUGT |
| 005 |
20210524110746.0 |
| 007 |
ta |
| 008 |
170303s2016||||ag |||p |||| 0|||||spa d |
| 999 |
|
|
|c 15671
|d 15671
|
| 040 |
|
|
|a AR-BbUGT
|c AR-BbUGT
|
| 100 |
1 |
|
|a Jabardo Pereda, Virginia.
|
| 245 |
1 |
3 |
|a La escasez de agua en la Huasteca Potosina (México) :
|b conflictos locales /
|c Virginia Jabardo Pereda, Lilia Susana Padilla y Sotelo.
|
| 530 |
|
|
|a Disponible también en formato digital.
|
| 651 |
|
4 |
|9 288
|a México
|
| 653 |
|
|
|a Agua
|
| 653 |
|
|
|a Recursos hidráulicos
|
| 653 |
|
|
|a Abastecimiento de agua
|
| 653 |
|
|
|a Proyectos hidráulicos
|
| 653 |
|
|
|a Escasez de agua
|
| 700 |
|
|
|a Padilla y Sotelo, Lilia Susana.
|
| 773 |
0 |
|
|o R7582.44
|g Vol. 25, no. 2 (2016), p. 133-165
|t Revista Universitaria de Geografía
|x 0326-8373
|w AR-BbUGT7010
|
| 773 |
1 |
|
|o R7583.44
|w AR-BbUGT7010
|
| 773 |
1 |
|
|o R7584.44
|w AR-BbUGT7010
|
| 856 |
4 |
1 |
|3 Texto completo.
|u https://www.redalyc.org/articulo.oa?id=383249118006
|y Red de Información Científica Redalyc.
|
| 942 |
|
|
|2 ddc
|c ARTPP
|